Elementary linear algebra /
| Main Author: | |
|---|---|
| Format: | Book |
| Language: | English |
| Published: |
Australia :
Brooks/Cole, Cengage Learning,
c2013.
|
| Edition: | 7th ed. |
| Subjects: | |
| Online Access: | Contributor biographical information Publisher description Table of contents only |
| Classic Catalogue: | View this record in Classic Catalogue |
| LEADER | 01565nam a2200373 a 4500 | ||
|---|---|---|---|
| 001 | 30089 | ||
| 003 | BD-DhAAL | ||
| 005 | 20160201122140.0 | ||
| 008 | 110727s2013 at a 001 0 eng | ||
| 010 | |a 2011935270 | ||
| 020 | |a 9781133111344 | ||
| 020 | |a 9781133110873 | ||
| 020 | |a 1133111343 | ||
| 020 | |a 1133110878 | ||
| 040 | |a DLC |c DLC |d DLC |d BD-DhAAL | ||
| 042 | |a pcc | ||
| 050 | 0 | 0 | |a QA184.2 |b .L39 2013 |
| 082 | 0 | 0 | |a 512.5 |2 23 |
| 100 | 1 | |a Larson, Ron, |d 1941- |9 16114 | |
| 245 | 1 | 0 | |a Elementary linear algebra / |c Ron Larson. |
| 250 | |a 7th ed. | ||
| 260 | |a Australia : |b Brooks/Cole, Cengage Learning, |c c2013. | ||
| 300 | |a 1 v. (various paging) : |b ill. (some col.) ; |c 24 cm. | ||
| 500 | |a Includes index. | ||
| 526 | |a MNS | ||
| 541 | |e 30089 | ||
| 650 | 0 | |a Algebras, Linear. |9 3456 | |
| 856 | 4 | 2 | |3 Contributor biographical information |u http://www.loc.gov/catdir/enhancements/fy1303/2011935270-b.html |
| 856 | 4 | 2 | |3 Publisher description |u http://www.loc.gov/catdir/enhancements/fy1303/2011935270-d.html |
| 856 | 4 | 1 | |3 Table of contents only |u http://www.loc.gov/catdir/enhancements/fy1303/2011935270-t.html |
| 942 | |2 ddc |c BK | ||
| 999 | |c 36113 |d 36113 | ||
| 952 | |0 0 |1 0 |2 ddc |4 0 |6 512_500000000000000_LAR |7 0 |9 56741 |a BRACUL |b BRACUL |c GEN |d 2015-11-11 |e Karim International |g 8400.00 |l 14 |m 96 |o 512.5 LAR |p 3010030089 |r 2024-05-13 |s 2024-03-06 |t 1 |w 2015-11-11 |y BK | ||
| 952 | |0 0 |1 0 |2 ddc |4 0 |6 512_500000000000000_LAR |7 0 |9 56742 |a BRACUL |b BRACUL |c GEN |d 2015-11-11 |e Karim International |g 8400.00 |l 17 |m 88 |o 512.5 LAR |p 3010030090 |r 2026-05-20 |s 2026-01-31 |t 2 |w 2015-11-11 |y BK | ||